| 000 | 00825nam a2200253 a 4500 | ||
|---|---|---|---|
| 001 | 72842 | ||
| 003 | BD-RjUL | ||
| 005 | 20211209082321.0 | ||
| 008 | 170524r19621934nyuab b 001 0 eng d | ||
| 035 | _a(BD-RjUL)73060 | ||
| 040 |
_aDLC _cOAkU _dBD-RjUL _beng |
||
| 041 | _aeng | ||
| 082 |
_223 _a579.5 _bARM 1962 |
||
| 100 | 1 |
_aArthur, Joseph Charles, _d1850-1942. _9215446 |
|
| 245 | 1 | 0 |
_aManual of the rusts in United States and Canada / _cJoseph Charles Arthur ; Illus. and a new suppl. by George B. Cummins |
| 260 |
_aNew York : _bHafner Pub. Co., _c1962. |
||
| 300 |
_axv, 438 p. : _bill. ; _c24 cm. |
||
| 504 | _aIncludes bibliography and indexes. | ||
| 650 | 0 |
_aFungi. _9215447 |
|
| 650 | 0 |
_aFungi _zNorth America. _9214731 |
|
| 700 |
_aCummins, George B. _9215448 |
||
| 942 |
_2ddc _cBK |
||
| 999 |
_c72842 _d72842 |
||